000 00895nam a2200253Ia 4500
003 GCL
008 140319s9999 xx 000 0 ara d
040 _aGCL /
_cGCL
082 0 4 _a336.014
_bع ا
100 1 _aعادل احمد حشيش
245 1 0 _aاقتصاديات المالية العامة- دراسة تحليلية لاصول الفن المالى لمالية الاقتصاد العام /
_cعادل احمد حشيش
260 _a[S.N] :
_bمؤسسة الثقافةالجامعية للطبع والنشر ،
_c1983
300 _a454 ص
490 _a
650 0 4 _aالاقتصاد
650 0 4 _aالسياسة المالية
650 0 4 _aالضرائب
650 0 4 _aالاجتماع
650 0 4 _aالديون العامة
650 0 4 _aالنفقات العامة
650 0 4 _aالميزانية
650 0 4 _aالمالية العامة
942 _2ddc
_cBK
999 _c28852
_d28852